Stocking the deck (Record no. 4910)

000 -LEADER
fixed length control field 00441pab a2200169 454500
008 - FIXED-LENGTH DATA ELEMENTS--GENERAL INFORMATION
fixed length control field 180718b1987 xxu||||| |||| 00| 0 eng d
100 ## - MAIN ENTRY--PERSONAL NAME
Personal name Bendor, Jonathan,
245 ## - TITLE STATEMENT
Title Stocking the deck
Remainder of title Bureaucratic missions and policy design
260 ## - PUBLICATION, DISTRIBUTION, ETC.
Date of publication, distribution, etc. 1987
300 ## - PHYSICAL DESCRIPTION
Extent 873-96
362 ## - DATES OF PUBLICATION AND/OR SEQUENTIAL DESIGNATION
Dates of publication and/or sequential designation Sep.
650 ## - SUBJECT ADDED ENTRY--TOPICAL TERM
Topical term or geographic name entry element Bureaucracy
700 ## - ADDED ENTRY--PERSONAL NAME
Personal name Roland Van Gaalen
700 ## - ADDED ENTRY--PERSONAL NAME
Personal name Serge Tayler
773 ## - HOST ITEM ENTRY
Main entry heading American Political Science Review
909 ## -
-- 4910
Holdings
Withdrawn status Lost status Damaged status Not for loan Permanent Location Current Location Date acquired Serial Enumeration / chronology Barcode Date last seen Price effective from Koha item type
        Indian Institute of Public Administration Indian Institute of Public Administration 2018-07-19 Volume no: 81, Issue no: 3 AR4916 2018-07-19 2018-07-19 Articles

Powered by Koha